| 000 | 01162cam a2200229 4500 | ||
|---|---|---|---|
| 008 | 050207n2004 000 0 eng u | ||
| 035 | _a(Sirsi) u128718 | ||
| 041 | _aeng | ||
| 050 |
_a333.72 _c18 |
||
| 100 | _aHouse of Commons Environmental Audit Committee | ||
| 245 | 4 |
_aThe sustainable development strategy _billusion or reality? |
|
| 260 |
_aLondon _bHouse of Commons Environmental Audit Committee _c2004 |
||
| 490 |
_aEnvironmental Audit _v13th report |
||
| 520 | _aThe report addresses the concept of sustainable development and is intended to make a fundamental contribution to the development of a new Sustainable Development Strategy, which must place overriding importance on the need to abide by environmental limits and must have a primarily environmental focus. View the report at www.publications.parliament.uk. | ||
| 650 | _aSUSTAINABLE DEVELOPMENT | ||
| 650 |
_aENERGY _96237 |
||
| 650 | _aECONOMIC GROWTH | ||
| 650 | _aGOVERNMENT DEPARTMENTS | ||
| 690 |
_aEnvironment _96238 |
||
| 856 |
_uhttps://www.publications.parliament.uk/pa/cm200304/cmselect/cmenvaud/624/62402.htm _zView this report on the Parliament website... |
||
| 942 | _n0 | ||
| 999 |
_c103995 _d103995 |
||